| 000 | 00368nam a2200145Ia 4500 | ||
|---|---|---|---|
| 008 | 150201s1986 xx 000 0 und d | ||
| 082 |
_a617.645 _bD1986M |
||
| 100 | _aMcLAUGHLIN,GERALD | ||
| 245 | _aDIRECT BONDED RETAINERS | ||
| 250 | _a1ST | ||
| 260 |
_bLIPPINCOTT PUBLICATION _aPHILADELPHIA _c1986 |
||
| 300 | _a1-320 | ||
| 650 | _aPROSTHODONTICS | ||
| 942 |
_2ddc _cBK |
||
| 999 |
_c3114 _d3114 |
||